| 000 | 00334cam a22001217a 4500 | ||
|---|---|---|---|
| 008 | 180718b1960 xxu||||| |||| 00| 0 eng d | ||
| 082 | _aT16x54 H814/60 | ||
| 100 | _aHough, Eleanor M. | ||
| 245 |
_aCo-operative movement in India _cby Eleanor M. Hough |
||
| 260 |
_aLondon _bOUP _c1960 |
||
| 300 | _a240p. | ||
| 650 | _aCooperation - India | ||
| 999 |
_c368701 _d368701 |
||